000
003160000a22001450004500
003
MACL
040
_a
MACL
090
_c
32117
_d
32115
100
_a
Tyagi, Agrawal
245
_a
Arvind Objective Chemistry
260
_b
Arvind Vivek Prakashan
_c
1993
350
_a
50
650
_a
Chemistry
942
_c
BOOK
_k
540/Aga
999
_c
31792
_d
31792